Index COVAS Research (Record no. 15304)

MARC details
000 -LEADER
fixed length control field 00316nam a2200133Ia 4500
003 - CONTROL NUMBER IDENTIFIER
control field OSt
082 ## - DEWEY DECIMAL CLASSIFICATION NUMBER
Classification number IR COVAS/IN
245 ## - TITLE STATEMENT
Title Index COVAS Research
260 ## - PUBLICATION, DISTRIBUTION, ETC. (IMPRINT)
Place of publication, distribution, etc Mannuthy
Name of publisher, distributor, etc College of Veterinary and Animal Science
Date of publication, distribution, etc 2000
300 ## - PHYSICAL DESCRIPTION
Extent 234p.
546 ## - LANGUAGE
Language note English
650 ## - SUBJECT ADDED ENTRY--TOPICAL TERM
Topical term or geographic name as entry element List of publications
942 ## - ADDED ENTRY ELEMENTS (KOHA)
Source of classification or shelving scheme Dewey Decimal Classification
Koha item type KAU Publications
Holdings
Lost status Source of classification or shelving scheme Damaged status Not for loan Collection code Home library Current library Shelving location Date acquired Total Checkouts Full call number Barcode Date last seen Koha item type
  Dewey Decimal Classification   Not For Loan KAU Publication KAU Central Library, Thrissur KAU Central Library, Thrissur IR 18/03/2014   IR COVAS/IN 806378 18/03/2014 KAU Publications
Kerala Agricultural University Central Library
Thrissur-(Dt.), Kerala Pin:- 680656, India
Ph : (+91)(487) 2372219
E-mail: librarian@kau.in
Website: http://library.kau.in/